000 01777cam a22004577i 4500
001 18286532
003 OSt
005 20260209130832.0
008 140902s2014 nyua j 001 0 eng d
010 _a 2014395894
020 _a9781465420466
020 _a1465420460
035 _a18286532
035 _a(OCoLC)859883169
040 _aYDXCP
_cYDXCP
_erda
_dBTCTA
_dBDX
_dOCO
_dJBL
_dDLC
042 _alccopycat
050 0 0 _aQ163
_b.W6458 2014
082 0 4 _a503
_223
100 1 _aWoodford, Chris.
245 1 0 _aScience :
_ba visual encyclopedia /
_cauthors, Chis Woodford, Steve Parker.
250 _aFirst American edition.
264 1 _aNew York, New York :
_bDK Publishing,
_c2014.
264 4 _c©2014
300 _a304 pages :
_bcolor illustrations ;
_c28 cm.
336 _atext
_btxt
_2rdacontent
337 _aunmediated
_bn
_2rdamedia
338 _avolume
_bnc
_2rdacarrier
490 1 _aDK Smithsonian
500 _aIncludes index.
520 _aDiscusses key concepts in biology, physics, chemistry, and other scientific fields, and includes fast fact boxes, images and diagrams, and information about key scientists and their work.--
_cSource other than Library of Congress.
650 0 _aScience
_vEncyclopedias, Juvenile.
650 0 _aScience
_vJuvenile literature.
655 7 _aLiterature.
_2lcgft
_0https://id.loc.gov/authorities/genreForms/gf2014026415
700 1 _aParker, Steve,
_d1952-
830 0 _aSmithsonian handbooks.
856 4 2 _3Publisher description
_uhttp://www.loc.gov/catdir/enhancements/fy1501/2014395894-d.html
906 _a7
_bcbc
_ccopycat
_d2
_encip
_f20
_gy-gencatlg
942 _2lcc
_cBK
999 _c265844
_d265843